Лексичні ігри на уроках англійської мови в четвертому класі спецшкіл з поглибленим вивченням англійської мови (до комплексу О. Д. Карпюк, Н. О. Когут) (Запис № 285332)

МАРК-запис
000 -LEADER
fixed length control field 02767nam a22001577a 4500
041 ## - LANGUAGE CODE
Language code of text/sound track or separate title ukr
080 ## - UNIVERSAL DECIMAL CLASSIFICATION NUMBER
Universal Decimal Classification number 09
090 ## - LOCALLY ASSIGNED LC-TYPE CALL NUMBER (OCLC); LOCAL CALL NUMBER (OCLC)
Local cutter number (OCLC) ; Book number/undivided call number, CALL (RLIN) НИЧ
100 ## - MAIN ENTRY--PERSONAL NAME
Personal name Ничипорук, Н. С.
245 ## - TITLE STATEMENT
Title Лексичні ігри на уроках англійської мови в четвертому класі спецшкіл з поглибленим вивченням англійської мови (до комплексу О. Д. Карпюк, Н. О. Когут)
260 ## - PUBLICATION, DISTRIBUTION, ETC. (IMPRINT)
Place of publication, distribution, etc Острог
Name of publisher, distributor, etc КАФ
Date of publication, distribution, etc 2013
300 ## - PHYSICAL DESCRIPTION
Extent 92
520 ## - SUMMARY, ETC.
Summary, etc Вступ.<br/>Розділ І. Теоретичні засади використання лексичних ігор на уроках англійської мови в 4-му класі спецшкіл з поглибленим вивченням англійської мови.<br/>1.1. Індивідуально-психологічні особливості молодших школярів як передумови використання ігрових методів на уроках англійської мови<br/>1.2. Методичні засади та досвід використання ігрових методик на уроках іноземної мови<br/>1.3. Особливості процесу формування лексичних вмінь і навичок в учнів 4-го класу<br/>Розділ ІІ. Система ігрових вправ для навчання лексичного матеріалу<br/>2.1. Методологіяпроведення експеременту з метою дослідження ефективності використання ігор при вивчення лексики<br/>2.1.1. Особливості підручника<br/>2.2. Дослідження ефективності використання ігор при вивченні лексики<br/>2.2.1. Констатуючий етап експеременту<br/>2.2.2. Формуючий етап експеременту<br/>2.2.3. Конторолюючий етап експеременту<br/>Розділ ІІІ. Охорона праці та безпеки в надзвичайних ситуаціях. Актуальні проблеми гігієни праці в школі.<br/>3.1. Сутність, предмет, методи гігієни праці<br/>3.2. Гігієна навчальних приміщень, праці вчителів та учнів<br/>3.3. Фізіолого-гігієнічні передумови організації навчального процесу на уроці<br/>Висновки.<br/>Список використаної літератури.<br/>Додатки.
-- ігри, методика, лексика
650 ## - SUBJECT ADDED ENTRY--TOPICAL TERM
Topical term or geographic name as entry element Research Papers
942 ## - ADDED ENTRY ELEMENTS (KOHA)
Koha item type Книги
Фонди
Withdrawn status Lost status Source of classification or shelving scheme Damaged status Not for loan Home library Current library Date acquired Source of acquisition Cost, normal purchase price Total Checkouts Full call number Barcode Date last seen Price effective from Koha item type
    Universal Decimal Classification     ВІЛ - Відділ іноземн. літератури НБ ВІЛ - Відділ іноземн. літератури НБ 12/06/2013 Акт №7 1.00   09 215297 09/11/2021 12/06/2013 Книги